00430nam a2200133Ia 4500008004100000100001500041245008400056245002900140260005900169260000900228650001800237650001500255856002600270170221s9999 xx 000 0 und d aAli Simsek aTransformation of Identities in the Mediated Landscape of the Network Society  cAli Simsek, Eylem Simsek bOnline Journal of Communication and Media Technologies c2016 xCommunication xMedia Arts uhttp://www.ojcmt.net/